50 Maiores cidades da América do Sul - Statistics

Estatísticas Gerais
  • Esse quiz foi jogado 528 vezes
  • A pontuação média é 28 de 50
Estatísticas das Respostas
Populção Cidade País % Correto
6.747.815 Rio de Janeiro Brasil
100%
12.325.232 São Paulo Brasil
100%
8.500.842 Lima Peru
98%
4.434.900 Santiago Chile
97%
6.840.116 Bogotá Colômbia
96%
3.090.922 Buenos Aires Argentina
96%
3.205.463 Caracas Venezuela
95%
2.521.564 Belo Horizonte Brasil
94%
2.886.698 Salvador Brasil
93%
1.948.626 Curitiba Brasil
91%
1.488.252 Porto Alegre Brasil
91%
3.055.149 Brasília Brasil
90%
2.219.580 Manaus Brasil
90%
2.686.612 Fortaleza Brasil
89%
1.753.278 Quito Equador
88%
1.695.727 Recife Brasil
86%
1.499.641 Belém Brasil
82%
1.173.370 Campinas Brasil
80%
1.536.097 Goiânia Brasil
78%
2.508.452 Medellín Colômbia
73%
1.337.082 Guarulhos Brasil
72%
1.331.729 Montevidéu Uruguai
71%
877.662 Natal Brasil
68%
1.021.709 Maceió Brasil
65%
1.082.935 São Luís Brasil
62%
801.718 João Pessoa Brasil
61%
2.383.392 Cáli Colômbia
52%
2.484.009 Guayaquil Equador
52%
863.982 Campo Grande Brasil
50%
1.044.058 São Gonçalo Brasil
49%
847.430 Teresina Brasil
48%
1.329.604 Córdoba Argentina
42%
1.567.492 Santa Cruz de la Sierra Bolívia
38%
1.224.374 Barranquilla Colômbia
36%
886.917 Duque de Caxias Brasil
34%
822.242 São Bernardo do Campo Brasil
32%
1.990.559 Maracaibo Venezuela
29%
797.435 Nova Iguaçu Brasil
29%
1.025.086 Cartagena Colômbia
27%
869.351 Arequipa Peru
15%
1.899.026 Valência Venezuela
15%
923.639 El Alto Bolívia
12%
1.408.733 Barquisimeto Venezuela
10%
799.550 Trujillo Peru
7%
965.989 Barcelona Venezuela
6%
1.005.606 Maracay Venezuela
6%
980.080 Ciudad Guayana Venezuela
5%
821.955 Maturín Venezuela
3%
1.189.870 Grande Concepción Chile
2%
824.006 Grande Valparaíso Chile
2%
Nenhum quiz correspondente encontrado
Distribuição das Pontuações
Porcentagem de Pessoas com Cada Pontuação
Percentil de Números Respondidos
Sua Pontuação Histórica
Você não jogou esse quiz